000 01004nam a2200277 i 4500
001 43073
003 ES-MaACL
005 20250916063035.0
007 t|
008 030314s1956 sp ||||1| spa d
040 _cES-MaACL
100 1 _aCastro, Rosalía de,
_d1837-1885
_9147676
_eaut
245 1 0 _aObras completas /
_cRosalía de Castro ; recopilación y estudio bibliográfico o El dolor de vivir / por V. García Martí.
250 _aCuarta edición
260 _aMadrid :
_bAguilar,
_c1958 (
_fI.G.A.S.A.)
300 _a1590 páginas :
_b2 retratos de la autora ;
_c14 cm.
490 1 _aColección Joya
600 1 4 _9147676
_aCastro, Rosalía de,
_d1837-1885
700 1 _aGarcía Martí, Victoriano,
_d1881-1966
_954896
_epbl
740 3 _aEl dolor de vivir.
830 0 _aColección Joya
_9181436
852 _aES-MaACL
_jC-8078
_bR.42204
_944670
_cSPAL
942 _cMONOGRAFIA
_n0
999 _c43073
_d43073